Welcome to CU Library Online Public Access Catalogue (OPAC)

Experiments in basic circuits : (Record no. 8203)

MARC details
000 -LEADER
fixed length control field 00965cam a22002414a 4500
001 - CONTROL NUMBER
control field 13067887
005 - DATE AND TIME OF LATEST TRANSACTION
control field 20251110194345.0
008 - FIXED-LENGTH DATA ELEMENTS--GENERAL INFORMATION
fixed length control field 030124s2003 njua 000 0 eng
020 ## - INTERNATIONAL STANDARD BOOK NUMBER
International Standard Book Number 0130986690
020 ## - INTERNATIONAL STANDARD BOOK NUMBER
International Standard Book Number 9780130986696
050 00 - LIBRARY OF CONGRESS CALL NUMBER
Classification number TK454
Item number .B768 2003
082 00 - DEWEY DECIMAL CLASSIFICATION NUMBER
Classification number 621.319/2
Edition information 22
100 1# - MAIN ENTRY--PERSONAL NAME
Personal name Buchla, David M.
245 10 - TITLE STATEMENT
Title Experiments in basic circuits :
Remainder of title theory and application /
Statement of responsibility, etc. David Buchla.
250 ## - EDITION STATEMENT
Edition statement 5th ed.
260 ## - PUBLICATION, DISTRIBUTION, ETC.
Place of publication, distribution, etc. Upper Saddle River, N.J. :
Name of publisher, distributor, etc. Prentice Hall,
Date of publication, distribution, etc. c2003.
300 ## - PHYSICAL DESCRIPTION
Extent vii, 328 p. :
Other physical details ill. ;
Dimensions 28 cm. +
Accompanying material 1 CD-ROM (4 3/4 in.)
500 ## - GENERAL NOTE
General note "To accompany Floyd, Principles of electric circuits conventional current version, seventh edition and electron flow version, sixth edition."
650 #0 - SUBJECT ADDED ENTRY--TOPICAL TERM
Topical term or geographic name entry element Electric circuits.
700 1# - ADDED ENTRY--PERSONAL NAME
Personal name Floyd, Thomas L.
Title of a work Principles of electric circuits.
Version 7th ed.
700 1# - ADDED ENTRY--PERSONAL NAME
Personal name Floyd, Thomas L.
Title of a work Principles of electric circuits, electron flow version.
Version 6th ed.
942 ## - ADDED ENTRY ELEMENTS (KOHA)
Source of classification or shelving scheme Library of Congress Classification
Koha item type Books
Edition 5th ed.
Suppress in OPAC No
999 ## -
-- 8203
-- 8203
Holdings
Withdrawn status Lost status Source of classification or shelving scheme Damaged status Not for loan Collection Home library Current library Shelving location Date acquired Total checkouts Full call number Barcode Date last seen Copy number Price effective from Koha item type
    Library of Congress Classification     Non-fiction Science Library (Miotso) Science Library (Miotso) General stacks 11/10/2025   TK454 .B768 BUC SLM00005717 11/10/2025 1 11/10/2025 Books
© 2023-2024 Copyright: Central University Libraries. All Rights Reserved | Created by: Mahone Tech Office